Diccionario de materiales odontológicos / (Record no. 36553)

MARC details
000 -LEADER
fixed length control field 00592nam a22001697a 4500
005 - DATE AND TIME OF LATEST TRANSACTION
control field 20150124124331.0
008 - FIXED-LENGTH DATA ELEMENTS--GENERAL INFORMATION
fixed length control field 130319t sp||||| |||| 00| 0 spa d
020 ## - INTERNATIONAL STANDARD BOOK NUMBER
International Standard Book Number 9788447209521
050 04 - LIBRARY OF CONGRESS CALL NUMBER
Classification number RK652.5
Item number D53 2007
245 00 - TITLE STATEMENT
Title Diccionario de materiales odontológicos /
Statement of responsibility, etc Amparo Jiménez-Planas...[et al.].
250 ## - EDITION STATEMENT
Edition statement 1a ed.
260 ## - PUBLICATION, DISTRIBUTION, ETC. (IMPRINT)
Place of publication, distribution, etc Sevilla, España :
Name of publisher, distributor, etc Secretariado de publicaciones de la Universidad de Sevilla,
Date of publication, distribution, etc 2007
300 ## - PHYSICAL DESCRIPTION
Extent 206 p. :
Other physical details il. ;
Dimensions 24 cm.
650 #7 - SUBJECT ADDED ENTRY--TOPICAL TERM
Topical term or geographic name as entry element Odontologia
Form subdivision Materiales
Source of heading or term Lemb
General subdivision Diccionario
700 1# - ADDED ENTRY--PERSONAL NAME
Personal name Jiménez-Planas, Amparo,
Relator term coaut.
942 ## - ADDED ENTRY ELEMENTS (KOHA)
Source of classification or shelving scheme Biblioteca del Cogreso de los Estados Unidos
Koha item type Libro
Holdings
Estado de pérdida Fuente de clasificación Estado del daño No para préstamo Ubicación permanente Ubicación actual Apartado o colección Fecha de adquisición Fuente de adquisición Área del conocimiento Clasificación Código de Barras Date last seen Número de copia Tipo de recurso
  Biblioteca del Cogreso de los Estados Unidos     Biblioteca de la Facultad de Odontología Biblioteca de la Facultad de Odontología Consulta 19/03/2013     RK652.5 D53 2007 BFO000006158 16/01/2015 1 Libro